[Event "Arco Open A"]
[Site "Arco ITA"]
[Date "2009.10.20"]
[Round "4"]
[White "Weinberg,E"]
[Black "Traversi,C"]
[Result "1/2-1/2"]
[WhiteElo "1874"]
[BlackElo "1725"]

1.d4 Nf6 2.c4 g6 3.Nc3 d5 4.cxd5 Nxd5 5.e4 Nxc3 6.bxc3 Bg7 7.Bc4 c5 8.Ne2 O-O
9.Be3 cxd4 10.cxd4 Nc6 11.Rc1 e6 12.Qd2 Na5 13.Bd3 b6 14.h4 h5 15.Bg5 Qd7
16.Qb4 Nc6 17.Qa4 Nxd4 18.Qxd7 Bxd7 19.Rc7 Bb5 20.Bxb5 Nxb5 21.Rd7 Rfc8 22.Kd2 Rc4
23.Rb1 Nc3 24.Nxc3 Rxc3 25.Bh6 Rc6 26.Bxg7 Kxg7 27.Rb3 a6 28.Rf3 Rf8 29.Ra7 b5
30.Ra3  1/2-1/2

[Event "Arco Open A"]
[Site "Arco ITA"]
[Date "2009.10.22"]
[Round "6"]
[White "Weinberg,E"]
[Black "Russo,C"]
[Result "1/2-1/2"]
[WhiteElo "1874"]
[BlackElo "1733"]

1.d4 Nf6 2.c4 g6 3.Nc3 d5 4.cxd5 Nxd5 5.e4 Nxc3 6.bxc3 Bg7 7.Bc4 O-O 8.Ne2 c5
9.Be3 Qa5 10.O-O cxd4 11.cxd4 Nc6 12.Qb3 e6 13.Rad1 Qc7 14.Qb1 Na5 15.Bd3 b6
16.Rc1 Qd8 17.Qc2 Bb7 18.Qc7 Rc8 19.Qg3 Nc6 20.a3 Nxd4 21.Nxd4 Bxd4 22.Rxc8 Bxc8
23.Bh6 Bg7 24.Bf4 Qd4 25.Bc2 Qc3 26.Qxc3 Bxc3 27.Rd1 e5 28.Bh6 Bg4 29.f3 Bd4+
30.Rxd4 exd4 31.fxg4 Rc8 32.Bd1 Rc3 33.a4 f6 34.Kf2 g5 35.g3 Kf7 36.h4 Kg6
37.hxg5 Rc1 38.Ke2 Rc3 39.Kf2  1/2-1/2

[Event "WJun Girls"]
[Site "Puerto Madryn ARG"]
[Date "2009.10.22"]
[Round "1"]
[White "Colombo,C"]
[Black "Padmini,R"]
[Result "1-0"]
[WhiteElo "2129"]
[BlackElo "2330"]

1.d4 Nf6 2.c4 g6 3.Nc3 d5 4.cxd5 Nxd5 5.e4 Nxc3 6.bxc3 Bg7 7.Bc4 c5 8.Ne2 O-O
9.O-O Nc6 10.Be3 Qc7 11.Rc1 Rd8 12.Bf4 e5 13.Bg5 Rd7 14.d5 Na5 15.Bb5 Rd6
16.c4 Rb8 17.Qd3 a6 18.Ba4 Bd7 19.Bxd7 Rxd7 20.Qa3 Bf8 21.Bd2 Nc6 22.f4 exf4
23.Bxf4 Ne5 24.Kh1 Bd6 25.Bg3 Re8 26.Ng1 Ng4 27.Qf3 Nxh2 28.Kxh2 Rxe4 29.Qxe4 Bxg3+
30.Kh1 Re7 31.Qf3 Qd6 32.Rc3 Be5 33.Re3 b5 34.Qe2 bxc4 35.Nf3 Bf6 36.Rxe7 Bxe7
37.Qxc4  1-0

[Event "17th TCh-Eur"]
[Site "Novi Sad SRB"]
[Date "2009.10.23"]
[Round "2"]
[White "Beliavsky,A"]
[Black "Sutovsky,E"]
[Result "1/2-1/2"]
[WhiteElo "2656"]
[BlackElo "2676"]

1.d4 Nf6 2.c4 g6 3.Nc3 d5 4.cxd5 Nxd5 5.e4 Nxc3 6.bxc3 Bg7 7.Bc4 c5 8.Ne2 Nc6
9.Be3 O-O 10.O-O Bg4 11.f3 Na5 12.Bxf7+ Rxf7 13.fxg4 Rxf1+ 14.Kxf1 Qd6 15.Kg1 Qe6
16.Qd3 Qc4 17.Qxc4+ Nxc4 18.Bg5 cxd4 19.cxd4 e5 20.Rc1 Nd6 21.dxe5 Bxe5 22.Bf4 Bxf4
23.Nxf4 Nxe4 24.Rc7 Rf8 25.Ne6 Re8 26.Nf4 Rf8 27.Ne6  1/2-1/2

[Event "17th TCh-Eur"]
[Site "Novi Sad SRB"]
[Date "2009.10.23"]
[Round "2"]
[White "Luukkonen,T"]
[Black "Serban,V"]
[Result "1/2-1/2"]
[WhiteElo "2317"]
[BlackElo "2206"]

1.d4 Nf6 2.c4 g6 3.Nc3 d5 4.cxd5 Nxd5 5.e4 Nxc3 6.bxc3 Bg7 7.Bc4 c5 8.Ne2 O-O
9.O-O Nc6 10.Be3 Na5 11.Bd3 b6 12.Qd2 Bb7 13.h4 e5 14.Bg5 Qd6 15.h5 exd4
16.cxd4 cxd4 17.f4 Rfe8 18.Ng3 Rac8 19.e5 Qa3 20.f5 Rxe5 21.hxg6 hxg6 22.Bf4 Qc3
23.Qd1 Qc6 24.Rf2 Re3 25.fxg6 fxg6 26.Nf1 Re6 27.Qg4 Qe8 28.Re1 Rcc6 29.Rfe2 Bc8
30.Qg5 Rxe2 31.Rxe2 Re6 32.Rxe6 Qxe6 33.Bxg6 Qf6 34.Qd5+ Be6 35.Qa8+ Bf8
36.Qe4 Nc4 37.Bg5 Qxg5 38.Qxe6+ Kh8 39.Qf7 Qh6 40.Qf6+ Qg7 41.Qh4+ Kg8 42.Qg4 Ne5
43.Qe6+ Kh8 44.Be4 d3 45.Qe8 Ng4 46.Qh5+ Nh6 47.Qg6 Bc5+ 48.Kh1 Qxg6 49.Bxg6 Ng4
50.g3 b5 51.Kg2 Ne5 52.Be4 a5 53.Nd2 a4 54.Nf3 Nxf3 55.Kxf3  1/2-1/2

[Event "17th TCh-Eur"]
[Site "Novi Sad SRB"]
[Date "2009.10.23"]
[Round "2"]
[White "Linster,P"]
[Black "Agopov,M"]
[Result "0-1"]
[WhiteElo "2230"]
[BlackElo "2452"]

1.d4 Nf6 2.c4 g6 3.Nc3 d5 4.cxd5 Nxd5 5.e4 Nxc3 6.bxc3 Bg7 7.Nf3 c5 8.Rb1 O-O
9.Be2 Nc6 10.d5 Ne5 11.Nxe5 Bxe5 12.Qd2 e6 13.f4 Bc7 14.O-O exd5 15.exd5 Ba5
16.d6 Rb8 17.Ba3 b6 18.f5 Bxf5 19.Rxf5 gxf5 20.Bb2 b5 21.Qf4 c4 22.Rd1 Re8
23.Bf3 Re6 24.Bd5 Qxd6 25.Qxf5 Rbe8 26.Rf1 Bb6+ 27.Kh1 Rf6 28.Qg4+ Kh8 29.Bf3 Qd3  0-1

[Event "Chigorin Mem Open"]
[Site "St Petersburg RUS"]
[Date "2009.10.23"]
[Round "8"]
[White "Rychagov,A"]
[Black "Negi,P"]
[Result "1-0"]
[WhiteElo "2552"]
[BlackElo "2615"]

1.d4 Nf6 2.c4 g6 3.Nc3 d5 4.cxd5 Nxd5 5.e4 Nxc3 6.bxc3 Bg7 7.Be3 c5 8.Qd2 O-O
9.Nf3 Nd7 10.Bd3 cxd4 11.cxd4 Nc5 12.Bc2 Bg4 13.Ng5 h6 14.Rb1 hxg5 15.dxc5 Qxd2+
16.Bxd2 Bd4 17.Rxb7 Rfd8 18.Bb3 Bxc5 19.Bxg5 Rac8 20.O-O Be2 21.Bxe7 Bxe7
22.Rxe7 Bxf1 23.Kxf1 Rd2 24.g4 Rc1+ 25.Kg2 Rb1 26.Bxf7+ Kf8 27.Rxa7 Rbb2
28.Bxg6 Rxf2+ 29.Kg3 Rxh2 30.a4 Rhg2+ 31.Kf4 Rb4 32.Bf5 Rc2 33.g5 Rcb2 34.a5 Rb7
35.Ra6 Ra2 36.Be6 Ra3 37.Bd5 Rb5 38.Ra8+ Kg7 39.Ra7+ Kh8 40.g6 Rf3+ 41.Kxf3 Rb3+
42.Kf4 Rf3+ 43.Ke5 Rf5+ 44.Kd4  1-0

[Event "Unive Open"]
[Site "Hoogeveen NED"]
[Date "2009.10.24"]
[Round "9"]
[White "Timmermans,I"]
[Black "Bezemer,A"]
[Result "1/2-1/2"]
[WhiteElo "2237"]
[BlackElo "2364"]

1.d4 Nf6 2.c4 g6 3.Nc3 d5 4.cxd5 Nxd5 5.e4 Nxc3 6.bxc3 Bg7 7.Bb5+ Bd7 8.Bxd7+ Qxd7
9.Nf3 O-O 10.O-O c5 11.Be3 cxd4 12.cxd4 Nc6 13.Qb3  1/2-1/2

[Event "17th TCh-Eur"]
[Site "Novi Sad SRB"]
[Date "2009.10.24"]
[Round "3"]
[White "Caruana,F"]
[Black "Svidler,P"]
[Result "1/2-1/2"]
[WhiteElo "2662"]
[BlackElo "2741"]

1.d4 Nf6 2.c4 g6 3.Nc3 d5 4.cxd5 Nxd5 5.e4 Nxc3 6.bxc3 Bg7 7.Bc4 c5 8.Ne2 Nc6
9.Be3 O-O 10.O-O Qc7 11.Rc1 Rd8 12.Bf4 e5 13.Bg5 Rd6 14.Bd5 cxd4 15.cxd4 Be6
16.Bb3 exd4 17.Bf4 Re8 18.Bxe6 Rexe6 19.Bxd6 Qxd6 20.Qd3 Qe7 21.Rb1 Nb4 22.Qa3 Bf8
23.Qxa7 d3 24.Nc3 Qf6 25.Nd5 Nxd5 26.exd5 Re2 27.Qxb7 Qd4 28.Rbd1 d2 29.Qa6 Re5
30.Qf6 Bg7 31.Qd8+ Bf8 32.Qf6 Bg7 33.Qd8+  1/2-1/2

[Event "TCh-SLO East 1st League"]
[Site "Sentjur SLO"]
[Date "2009.10.24"]
[Round "3"]
[White "Pukl,D"]
[Black "Rogulj,B"]
[Result "0-1"]
[WhiteElo "2117"]
[BlackElo "2453"]

1.d4 Nf6 2.c4 g6 3.Nc3 d5 4.cxd5 Nxd5 5.e4 Nxc3 6.bxc3 Bg7 7.Nf3 O-O 8.Be2 b6
9.O-O Bb7 10.e5 c5 11.dxc5 bxc5 12.Qb3 Bd5 13.c4 Bc6 14.Qe3 Nd7 15.Rb1 e6
16.Ba3 Rc8 17.Rfd1 Qa5 18.Bb2 Rb8 19.Bc3 Qc7 20.Re1 Bxf3 21.Bxf3 Bxe5 22.g3 Bxc3
23.Qxc3 Ne5 24.Rbd1 Nxf3+ 25.Qxf3 Qe7 26.Qc6 Rfc8 27.Qd7 Kf8 28.Qd2 Kg8 29.Qc3 Rd8
30.Qe5 Rbc8 31.h4 h5 32.Rb1 Rd4 33.Rb8 Rxb8 34.Qxb8+ Rd8 35.Qe5 Qd6 36.Qf6 Qd4
37.Qg5 Rb8 38.a3 Rb2 39.Qe3 Qxe3 40.Rxe3 Rc2 41.Kg2 Rxc4 42.Kf3 Kg7 43.Rb3 Kf6
44.Ke3 Ra4 45.Rc3 Ke7 46.Rxc5 Rxa3+ 47.Kf4 Kd6 48.Rc8 Ra5 49.f3 Rf5+ 50.Ke4 Rc5
51.Ra8 Rc4+ 52.Ke3 Ra4 53.Rd8+ Ke7 54.Ra8 Kf6 55.Kd3 Kf5 56.Rc8 e5 57.Rc5 f6
58.Rc6 Ra3+ 59.Ke2 a5 60.g4+ hxg4 61.fxg4+ Kxg4 62.Rxf6 Kh5 63.Re6 a4 64.Rxe5+ Kxh4
65.Kf2 g5 66.Re8 Rb3 67.Rh8+ Kg4 68.Ra8 a3 69.Ra4+ Kh3 70.Ra8 Rb2+ 71.Ke3 a2
72.Ra7 g4 73.Rh7+ Kg2 74.Ra7 g3 75.Ra8 Kg1 76.Ra7 g2  0-1

[Event "24th GP Open A"]
[Site "Le Touquet FRA"]
[Date "2009.10.25"]
[Round "2"]
[White "Uhoda,P"]
[Black "Bernard,Ch"]
[Result "0-1"]
[WhiteElo "2128"]
[BlackElo "2356"]

1.d4 Nf6 2.c4 g6 3.Nc3 d5 4.cxd5 Nxd5 5.e4 Nxc3 6.bxc3 Bg7 7.Bc4 c5 8.Ne2 Nc6
9.Be3 O-O 10.O-O Qc7 11.Rc1 Rd8 12.Bf4 Qd7 13.dxc5 Qe8 14.Bd5 Bd7 15.Qc2 Rdc8
16.Be3 e6 17.Bxc6 Bxc6 18.Nd4 Ba4 19.Qb2 e5 20.Nb3 Bc6 21.f3 a5 22.Qf2 a4
23.Nd2 Qe6 24.c4 Rd8 25.Nb1 f5 26.exf5 gxf5 27.Qe2 e4 28.fxe4 Bxe4 29.Bg5 Re8
30.Nd2 Qg6 31.Nxe4 Rxe4 32.Qd2 Rd4 33.Qb2 Qxg5 34.Qxb7 Rf8 35.c6 Qe3+ 36.Kh1 Rh4
37.Rce1 Qg3 38.h3 Rxh3+ 39.gxh3 Qxh3+ 40.Kg1 Bd4+  0-1

[Event "24th GP Open A"]
[Site "Le Touquet FRA"]
[Date "2009.10.25"]
[Round "2"]
[White "Prost,F"]
[Black "Pytel,K"]
[Result "0-1"]
[WhiteElo "2141"]
[BlackElo "2380"]

1.d4 Nf6 2.c4 g6 3.Nc3 d5 4.cxd5 Nxd5 5.e4 Nxc3 6.bxc3 Bg7 7.Bc4 O-O 8.Ne2 Qd7
9.O-O b6 10.Be3 Bb7 11.Qc2 Nc6 12.Ng3 e6 13.f4 Na5 14.Be2 f5 15.Rad1 fxe4
16.Nxe4 Qd5 17.Bf3 Qd7 18.Bc1 Rad8 19.Bg4 Bd5 20.Rfe1 Nc4 21.Ng5 Rde8 22.Qd3 Rf6
23.Ne4 Rf7 24.Ng5 Rfe7 25.Qh3 h6 26.Ne4 Qa4 27.Nd2 Qxa2 28.Qd3 Kf7 29.h4 h5
30.Bf3 Nxd2 31.Bxd2 Qc4 32.Qxc4 Bxc4 33.Bc6 Rd8 34.Bc1 Bd5 35.Bb5 c6 36.Ba4 b5
37.Bc2 Bf6 38.g3 a5 39.Ba3 Rb7 40.Bc5 b4 41.Rb1 b3 42.Rb2 Rb5  0-1

[Event "17th TCh-Eur"]
[Site "Novi Sad SRB"]
[Date "2009.10.25"]
[Round "4"]
[White "Petrosian,TL"]
[Black "Roganovic,Milo"]
[Result "1-0"]
[WhiteElo "2602"]
[BlackElo "2474"]

1.d4 Nf6 2.c4 g6 3.Nc3 d5 4.cxd5 Nxd5 5.e4 Nxc3 6.bxc3 Bg7 7.Be3 c5 8.Qd2 O-O
9.Nf3 Qa5 10.Rc1 Rd8 11.d5 e6 12.Bg5 Re8 13.d6 Bd7 14.Bh6 Bf6 15.h4 Bc6 16.h5 Nd7
17.Ng5 c4 18.hxg6 hxg6 19.Bxc4 Qe5 20.f3 Rad8 21.Be2 Nb6 22.Nh7 Bh8 23.Bf4 Qc5
24.Bg5 Qe5 25.f4 Qxd6 26.Qxd6  1-0

[Event "Open"]
[Site "Liberec CZE"]
[Date "2009.10.26"]
[Round "3"]
[White "Strebkovs,A"]
[Black "Kool,G"]
[Result "1-0"]
[WhiteElo "2376"]
[BlackElo "2116"]

1.d4 Nf6 2.c4 g6 3.Nc3 d5 4.cxd5 Nxd5 5.e4 Nxc3 6.bxc3 Bg7 7.Bg5 c5 8.Rc1 cxd4
9.cxd4 h6 10.Be3 Nc6 11.Nf3 Qa5+ 12.Qd2 Qxd2+ 13.Kxd2 O-O 14.d5 Rd8 15.Ke1 Na5
16.Bf4 b6 17.Bc7 Rf8 18.Bb5 a6 19.Bd3 Nb7 20.Bxb6 e6 21.Kd2 exd5 22.exd5 Nd6
23.Rc6 Nf5 24.Bc4 Rb8 25.Rb1 Bd7 26.Rc7 Nd6 27.Bxa6 Bf5 28.Bd3 Ne4+ 29.Kc2 Rfd8
30.g4 Bxg4 31.Bxe4 f5 32.Rxg7+ Kxg7 33.Bxd8 Rxd8 34.Ne5  1-0

[Event "17th TCh-Eur"]
[Site "Novi Sad SRB"]
[Date "2009.10.28"]
[Round "7"]
[White "Beliavsky,A"]
[Black "Hammer,J"]
[Result "1/2-1/2"]
[WhiteElo "2656"]
[BlackElo "2585"]

1.d4 Nf6 2.c4 g6 3.Nc3 d5 4.cxd5 Nxd5 5.e4 Nxc3 6.bxc3 Bg7 7.Bc4 c5 8.Ne2 Nc6
9.Be3 O-O 10.O-O Qc7 11.Rc1 Rd8 12.Qd2 a6 13.f4 b5 14.Bd3 f5 15.exf5 Bxf5
16.Bxf5 gxf5 17.Qc2 Qd7 18.dxc5 Qd3 19.Kf2 Qxc2 20.Rxc2 Kf7 21.h3 e6 22.g4 Rac8
23.Ng3 Ne7 24.a4 Rd3 25.axb5 axb5 26.gxf5 exf5 27.Ke2 Rxc3 28.Rxc3 Bxc3 29.Rd1 Bb4
30.Rd7 Bxc5 31.Nxf5 Ke6 32.Nxe7 Kxd7 33.Nxc8 Bxe3 34.Kxe3 Kxc8 35.Kd4 Kd7
36.Kc5 Ke6 37.Kxb5 Kf5 38.Kc4 Kxf4 39.Kd3 Kg3 40.Ke2 Kxh3 41.Kf1 Kh2  1/2-1/2

[Event "8th TCh-Eur w"]
[Site "Novi Sad SRB"]
[Date "2009.10.29"]
[Round "8"]
[White "Kachiani,K"]
[Black "Rajlich,I"]
[Result "0-1"]
[WhiteElo "2349"]
[BlackElo "2465"]

1.d4 Nf6 2.c4 g6 3.Nc3 d5 4.cxd5 Nxd5 5.e4 Nxc3 6.bxc3 Bg7 7.Be3 c5 8.Qd2 O-O
9.d5 Nd7 10.Bh6 Bxh6 11.Qxh6 e6 12.dxe6 Qf6 13.exf7+ Rxf7 14.Qe3 Ne5 15.Be2 Bg4
16.f3 Be6 17.Rd1 b6 18.Rd6 Qe7 19.Rd2 Raf8 20.h4 Rd8 21.h5 g5 22.h6 Rff8
23.Rh5 Nf7 24.Rxd8 Rxd8 25.Nh3 Bxh3 26.Rxh3 Qe6 27.Rh5 Kh8 28.Rxg5 Qxh6 29.f4 Nxg5
30.fxg5 Qh4+ 31.Kf1 Rf8+ 32.Bf3 Qf4 33.Qxf4 Rxf4 34.Ke2 Kg7 35.Ke3 Rh4 36.e5 Rc4
37.Kd3 Ra4 38.Bd5 Rg4 39.Ke3 Kf8 40.Be4 Rxg5 41.Kf4 Rh5 42.Bf3 Rh1 43.Ke3 Re1+
44.Be2 Rc1 45.Kd2 Ra1 46.Bc4 b5 47.Bxb5 Rxa2+  0-1

[Event "TCh-NED 2009-10"]
[Site "Netherlands NED"]
[Date "2009.10.31"]
[Round "2"]
[White "Van Gisbergen,S"]
[Black "Bok,B"]
[Result "1/2-1/2"]
[WhiteElo "2307"]
[BlackElo "2351"]

1.d4 Nf6 2.c4 g6 3.Nc3 d5 4.cxd5 Nxd5 5.e4 Nxc3 6.bxc3 Bg7 7.Bb5+ c6 8.Ba4 O-O
9.Ne2 b5 10.Bb3 Bb7 11.O-O Nd7 12.Bg5 Qc7 13.e5 Nb6 14.e6 f6 15.Bf4 Qc8 16.Qd2 c5
17.dxc5 Qxc5 18.Rad1 a5 19.Qe3 Qc6 20.Qg3 a4 21.Nd4 Qc5 22.Bc2 Nd5 23.Bd2 f5
24.Bxf5 Rxf5 25.Nxf5 gxf5 26.Bh6 Qxc3 27.Rd3 Qf6 28.Bxg7 Qxg7 29.Qf3 Qg4
30.Qxg4+ fxg4 31.Rfd1 Nf6 32.Rd8+ Rxd8 33.Rxd8+ Kg7 34.Rd7 Bd5 35.Rxe7+ Kg6
36.a3 Kf5 37.h3 gxh3 38.gxh3 Bxe6 39.Kg2 Bc4 40.Kf3 h6 41.Rc7 Ke5 42.h4 Nd5
43.Rh7 Nc3 44.Rxh6 Nb1 45.h5 Nxa3 46.Rb6 Bd3 47.h6 Nc2 48.Rxb5+ Kf6 49.Rb7 a3
50.Ra7 Kg5 51.h7 Bxh7 52.Rxh7 a2 53.Ra7 a1=Q 54.Rxa1 Nxa1  1/2-1/2

[Event "IV Open"]
[Site "Bogota COL"]
[Date "2009.11.02"]
[Round "9"]
[White "Rodriguez Rueda,P"]
[Black "Prieto,E"]
[Result "1-0"]
[WhiteElo "2009"]
[BlackElo "2101"]

1.d4 Nf6 2.c4 g6 3.Nc3 d5 4.cxd5 Nxd5 5.e4 Nxc3 6.bxc3 Bg7 7.Bc4 c5 8.Be3 O-O
9.Ne2 Nc6 10.O-O cxd4 11.cxd4 Bg4 12.f3 Na5 13.Bxf7+ Rxf7 14.fxg4 Rxf1+ 15.Kxf1 Qd7
16.h3 Qe6 17.Qd3 Nc4 18.Kg1 Rc8 19.Rc1 b5 20.Bg5 h6 21.Bh4 g5 22.Bf2 Qa6
23.Qb3 Rf8 24.a4 Qf6 25.Be3 a6 26.axb5 axb5 27.Qxb5 Nxe3 28.Qb3+ Nd5 29.Qxd5+ e6
30.Qc4 Qf2+ 31.Kh1 Kh8 32.e5 Qe3 33.Kh2 Rf2 34.Ng3 Rd2 35.Qxe6 Rxg2+ 36.Kxg2 Qd2+
37.Kf3 Qxc1 38.Nh5 Qf1+ 39.Ke4 Qe2+ 40.Kd5 Qb5+ 41.Kd6 Qb6+ 42.Ke7 Qb7+ 43.Ke8 Qa8+
44.Kf7 Qb7+ 45.Kg6 Qe4+ 46.Qf5 Qc6+ 47.e6 Qc7 48.Nxg7 Qxg7+ 49.Kh5 Qe7 50.Qf7  1-0

[Event "FSGM November"]
[Site "Budapest HUN"]
[Date "2009.11.10"]
[Round "4"]
[White "Prohaszka,P2"]
[Black "Shankland,S"]
[Result "1-0"]
[WhiteElo "2495"]
[BlackElo "2486"]

1.d4 Nf6 2.c4 g6 3.Nc3 d5 4.cxd5 Nxd5 5.e4 Nxc3 6.bxc3 Bg7 7.Bg5 c5 8.Rc1 O-O
9.Nf3 Bg4 10.d5 Nd7 11.Be2 f5 12.d6 Bf6 13.Bxf6 exf6 14.O-O Re8 15.h3 Bxf3
16.Bxf3 fxe4 17.Bxe4 Nb6 18.Bxb7 Rb8 19.Ba6 Kg7 20.Qd3 Re6 21.Rfd1 Na4 22.Qd5 Qd7
23.c4  1-0

[Event "FSGM November"]
[Site "Budapest HUN"]
[Date "2009.11.12"]
[Round "6"]
[White "Prohaszka,P2"]
[Black "Csiba,D"]
[Result "1-0"]
[WhiteElo "2495"]
[BlackElo "2329"]

1.d4 Nf6 2.c4 g6 3.Nc3 d5 4.cxd5 Nxd5 5.e4 Nxc3 6.bxc3 Bg7 7.Bg5 c5 8.Rc1 O-O
9.Nf3 Bg4 10.d5 f5 11.Qb3 Kh8 12.Nd2 fxe4 13.h3 Bc8 14.Nxe4 Qc7 15.Be3 Nd7
16.Be2 b6 17.O-O Ne5 18.c4 e6 19.Rfd1 exd5 20.cxd5 Bf5 21.Ng5 Rad8 22.Ne6 Bxe6
23.dxe6 Qe7 24.Bb5 g5 25.Rd5 Rxd5 26.Qxd5 Rd8 27.Bd7 Bf6 28.Rd1 Ng6 29.g3 Nf8
30.Rd2 c4 31.Qxc4 Nxd7 32.exd7 Rxd7 33.Rc2 Kg7 34.Kg2 Qf7 35.Qe4 h6 36.a4 Qe7
37.Qf5 Rd1 38.Qf3 Rd7 39.Qf5 Rd1 40.Rc6 Rd6 41.Rc4 Qd7 42.Qg4 Qxg4 43.hxg4 Rd7
44.f4 Kf7 45.Kf3 Re7 46.Rc6 Re6 47.Rc7+ Re7 48.Rc6 Re6 49.Rc8 Re7 50.Rc2 Re6
51.Ra2 a6 52.Rc2 b5 53.axb5 axb5 54.Rc5 b4 55.Rb5 Bc3 56.Bc5 Rc6 57.Ke4 Be1
58.Rb7+ Kg8 59.Kd5 Rc8 60.f5 Bxg3 61.f6 Rd8+ 62.Ke6 Re8+ 63.Re7 Rb8 64.f7+ Kg7
65.Rd7  1-0

[Event "Bundesliga 2009-10"]
[Site "Bremen GER"]
[Date "2009.11.14"]
[Round "3"]
[White "Erdos,V"]
[Black "Ftacnik,L"]
[Result "1/2-1/2"]
[WhiteElo "2591"]
[BlackElo "2532"]

1.d4 Nf6 2.c4 g6 3.Nc3 d5 4.cxd5 Nxd5 5.e4 Nxc3 6.bxc3 Bg7 7.Bc4 c5 8.Ne2 Nc6
9.Be3 O-O 10.O-O Bd7 11.Rb1 a6 12.dxc5 Na5 13.Bd3 Qc7 14.Nd4 Rfd8 15.Qe2 e6
16.f4 Bf8 17.f5 e5 18.Nb3 Nxb3 19.axb3 Bxc5 20.Bc4 Bb5 21.fxg6 hxg6 22.Rxf7 Bxc4
23.Rxc7 Bxe2 24.Rxc5 Bd3 25.Re1 Rac8 26.Rxe5 Re8 27.Rg5 Bxe4 28.Bd4 Bc2 29.Rc1 Re2
30.h4 Rf8 31.h5 Kh7 32.Rxc2 Rxc2 33.hxg6+ Kh6 34.g7 Rg8 35.Rf5 Rxg7 36.Bxg7+ Kxg7
37.Rc5 Kf6 38.b4 Ke6 39.Rc7 Kd5 40.Rxb7 Rxc3 41.Rb6 Ra3 42.Kh2 Ke5 43.Rc6 Ra4
44.g4 Rxb4 45.Kg3 a5 46.Kh4 Rb8 47.Ra6 Rh8+ 48.Kg3 Rh1 49.Rxa5+ Kf6 50.Ra6+  1/2-1/2

[Event "Waling Dijkstra GpA"]
[Site "Leeuwarden NED"]
[Date "2009.11.14"]
[Round "4"]
[White "Peng Zhaoqin"]
[Black "Bijlsma,N"]
[Result "1-0"]
[WhiteElo "2408"]
[BlackElo "2075"]

1.d4 Nf6 2.c4 g6 3.Nc3 d5 4.cxd5 Nxd5 5.e4 Nxc3 6.bxc3 Bg7 7.Be3 c5 8.Rc1 cxd4
9.cxd4 O-O 10.Nf3 Qa5+ 11.Qd2 Qa3 12.Be2 Rd8 13.O-O Bg4 14.d5 Bxf3 15.Bxf3 Na6
16.h4 b6 17.h5 Rac8 18.Bg5 Qd6 19.Bg4 Rxc1 20.Rxc1 Nc5 21.Qe3 Bf6 22.Bf4 Be5
23.Bh6 Nxe4 24.Qxe4 f5 25.Qe2 fxg4 26.Qxg4 Bg7 27.Bxg7 Kxg7 28.Re1 Qxd5 29.Rxe7+ Kg8
30.hxg6 Qd1+ 31.Qxd1 Rxd1+ 32.Kh2 hxg6 33.Rxa7 b5 34.Kg3 Rd2 35.a3 Rb2 36.Rb7 Rb3+
37.Kf4 Rb2 38.Kg5 Rxf2 39.g4 Ra2 40.Kxg6 Kf8 41.Rb8+ Ke7 42.Rxb5 Rxa3 43.Kg7 Ra1
44.g5 Ke8 45.Re5+ Kd7 46.g6  1-0

[Event "ch-CXG IRT JC Ferreira"]
[Site "Rio de Janeiro BRA"]
[Date "2009.11.14"]
[Round "1"]
[White "Chaves,Jor"]
[Black "Rios Filho,H"]
[Result "0-1"]
[WhiteElo "2056"]
[BlackElo "2214"]

1.d4 Nf6 2.c4 g6 3.Nc3 d5 4.cxd5 Nxd5 5.e4 Nxc3 6.bxc3 Bg7 7.Nf3 c5 8.Rb1 O-O
9.Be2 cxd4 10.cxd4 Qa5+ 11.Bd2 Qxa2 12.O-O b6 13.Bg5 Bb7 14.d5 Qa3 15.e5 Nd7
16.d6 exd6 17.exd6 Rac8 18.Be7 Rfe8 19.Nd4 a6 20.Bg4 Rxe7 21.dxe7 Qxe7 22.Nf3 Rd8
23.Qb3 Nf6 24.Bh3 Nd5 25.Rfe1 Qc7 26.Rbc1 Nc3 27.Qc2 b5 28.Ng5 Qf4 29.Nxf7 Rd2
30.Qb3 Qxf2+ 31.Kh1 Bxg2+  0-1

[Event "FSIM November"]
[Site "Budapest HUN"]
[Date "2009.11.15"]
[Round "9"]
[White "Kislik,E"]
[Black "Erdelyi,Z"]
[Result "0-1"]
[WhiteElo "2349"]
[BlackElo "2362"]

1.d4 Nf6 2.c4 g6 3.Nc3 d5 4.cxd5 Nxd5 5.e4 Nxc3 6.bxc3 Bg7 7.Bg5 c5 8.Rc1 cxd4
9.cxd4 O-O 10.Nf3 Bg4 11.d5 Nd7 12.h3 Bxf3 13.gxf3 Rc8 14.Rxc8 Qxc8 15.Be2 Qc3+
16.Kf1 Qe5 17.Qc1 Nb6 18.Kg2 Nxd5 19.exd5 Qxe2 20.Re1 Qxa2 21.Bxe7 Bd4 22.Bxf8 Qxf2+
23.Kh1 Qxf3+ 24.Kh2 Qf2+ 25.Kh1 Qg3 26.Qd2 Qxh3+ 27.Qh2 Qf3+ 28.Qg2 Qh5+
29.Qh2 Qxd5+ 30.Qg2 Qh5+ 31.Qh2 Qxh2+ 32.Kxh2 Kxf8 33.Kh3 b6 34.Kg4 a5 35.Kg5 Kg7
36.Rb1 a4 37.Rb4 Bf6+ 38.Kg4 a3 39.Ra4 Bb2  0-1

[Event "Las Americas Open"]
[Site "Medellin COL"]
[Date "2009.11.16"]
[Round "8"]
[White "Castano,Jo"]
[Black "Lopez,CM CUB"]
[Result "0-1"]
[WhiteElo "2047"]
[BlackElo "2319"]

1.d4 Nf6 2.c4 g6 3.Nc3 d5 4.cxd5 Nxd5 5.e4 Nxc3 6.bxc3 Bg7 7.Nf3 c5 8.Rb1 O-O
9.Be2 cxd4 10.cxd4 Qa5+ 11.Bd2 Qxa2 12.O-O Bg4 13.Rxb7 Bxf3 14.Bxf3 Bxd4
15.Bb4 Nc6 16.e5 Rad8 17.Qe1 Nxb4 18.Qxb4 e6 19.Rb5 Bb6 20.Qf4 Rd2 21.Bd1 Rfd8
22.Bb3 Rxf2  0-1

[Event "British Rapidplay"]
[Site "Halifax ENG"]
[Date "2009.11.21"]
[Round "6"]
[White "Wells,P"]
[Black "Howell,D"]
[Result "1/2-1/2"]
[WhiteElo "2489"]
[BlackElo "2597"]

1.d4 Nf6 2.c4 g6 3.Nc3 d5 4.cxd5 Nxd5 5.e4 Nxc3 6.bxc3 Bg7 7.Nf3 c5 8.Rb1 O-O
9.Be2 Nc6 10.d5 Ne5 11.Nxe5 Bxe5 12.Qd2 e6 13.f4 Bc7 14.O-O exd5 15.exd5 Ba5
16.f5 Bxf5 17.Rxb7 Qd6 18.Bc4 Qe5 19.Rf3 Qe4 20.Rf4 Qe5 21.Rf3 Rfb8 22.Rxb8+ Rxb8
23.Qf4 Bc7 24.Qxe5 Bxe5 25.Bf4 Rb1+ 26.Kf2 Rb2+ 27.Kf1 Rb1+ 28.Kf2 Rb2+ 29.Kf1 Bxf4
30.Rxf4 Kf8 31.g4 Bd7 32.d6 f5 33.gxf5 gxf5 34.Bd3 Rxh2 35.Bxf5 Bxf5 36.Rxf5+ Ke8
37.Rxc5 Kd7 38.Ra5 Kxd6 39.Rxa7 Kc5 40.a4 Ra2 41.Rxh7 Rxa4 42.Ke2 Rg4  1/2-1/2

[Event "TCh-NED 2009-10"]
[Site "Netherlands NED"]
[Date "2009.11.21"]
[Round "3"]
[White "Goormachtigh,J"]
[Black "De Jong,JW"]
[Result "1-0"]
[WhiteElo "2230"]
[BlackElo "2462"]

1.d4 Nf6 2.c4 g6 3.Nc3 d5 4.cxd5 Nxd5 5.e4 Nxc3 6.bxc3 Bg7 7.Bc4 c5 8.Ne2 O-O
9.O-O Nc6 10.Be3 Qc7 11.Rc1 Rd8 12.Qd2 Ne5 13.Bb3 a5 14.Bf4 a4 15.Bd5 e6
16.dxe5 exd5 17.exd5 Bxe5 18.c4 Bxf4 19.Nxf4 Bf5 20.Rfe1 Qd6 21.Re2 Re8 22.Rce1 Rxe2
23.Rxe2 a3 24.g3 Qf6 25.Qe3 b6 26.Kg2 Kg7 27.Qb3 Bd7 28.Rd2 Ra4 29.Re2 Kf8
30.h4 h6 31.Nd3 Qf5 32.Qxb6 Rxc4 33.Qb8+ Bc8 34.Nf4 Kg7 35.Ne6+ fxe6 36.Qxc8 Qxd5+
37.Kh2 Rc1 38.Qc7+ Kf6 39.Qf4+ Ke7 40.Qxc1 c4 41.Kg1 Kd6 42.Qc2  1-0

[Event "British Rapidplay"]
[Site "Halifax ENG"]
[Date "2009.11.22"]
[Round "9"]
[White "Hawkins,Jo"]
[Black "Howell,D"]
[Result "0-1"]
[WhiteElo "2383"]
[BlackElo "2597"]

1.d4 Nf6 2.c4 g6 3.Nc3 d5 4.cxd5 Nxd5 5.e4 Nxc3 6.bxc3 Bg7 7.Bc4 c5 8.Be3 Nc6
9.Ne2 O-O 10.Rc1 Na5 11.Bd3 b6 12.O-O e5 13.dxc5 Be6 14.c4 bxc5 15.Bxc5 Bh6
16.f4 Re8 17.Be3 Qc7 18.Qe1 Rad8 19.Qc3 Bg4 20.c5 Nc6 21.Qc4 Be6 22.Qb5 a6
23.Qb1 Bxa2 24.Qxa2 Nb4 25.Qc4 Nxd3 26.Rc3 Nxf4 27.Qxa6 Ra8 28.Qc4 Qc6 29.Ng3 Reb8
30.Rc2 Ra4 31.Qc3 Bg7 32.Rcf2 h5 33.Qd2 h4 34.Bxf4 exf4 35.Qxf4 Rb7 36.Qxh4 Bd4
37.Qd8+ Kg7 38.Qg5 Kf8 39.Qd8+ Kg7 40.Qg5 Kf8 41.Qd8+ Qe8  0-1

[Event "IV Open"]
[Site "Palma ESP"]
[Date "2009.11.23"]
[Round "4"]
[White "Vernay,C"]
[Black "Maslak,K"]
[Result "1/2-1/2"]
[WhiteElo "2458"]
[BlackElo "2569"]

1.d4 Nf6 2.c4 g6 3.Nc3 d5 4.cxd5 Nxd5 5.e4 Nxc3 6.bxc3 Bg7 7.Bc4 c5 8.Ne2 O-O
9.O-O Nc6 10.Be3 Na5 11.Bd3 b6 12.Rc1 e5 13.dxc5 bxc5 14.Bxc5 Bh6 15.Bxf8 Bxc1
16.Bb4 Bh6 17.Qa4 Bb7 18.Rd1 Nc6 19.Bc4 Qc7 20.Bd6 Qb6 21.Bb3 Rd8 22.c4 Bf8
23.c5 Qb4 24.Qxb4 Nxb4 25.Nc3 Bxd6 26.Rxd6 Rxd6 27.cxd6 Bc6 28.Nd5 Nxd5 29.Bxd5 Bb5
30.Bc4 Bc6 31.Bd5 Bb5 32.f4 exf4 33.Kf2 Kg7 34.e5 g5 35.Kf3 Bd7 36.h4  1/2-1/2

[Event "World Cup"]
[Site "Khanty-Mansiysk RUS"]
[Date "2009.11.26"]
[Round "2.4"]
[White "Pelletier,Y"]
[Black "Li Chao2"]
[Result "1/2-1/2"]
[WhiteElo "2589"]
[BlackElo "2596"]

1.d4 Nf6 2.c4 g6 3.Nc3 d5 4.cxd5 Nxd5 5.e4 Nxc3 6.bxc3 Bg7 7.Nf3 c5 8.Rb1 O-O
9.Be2 Qa5 10.Qd2 a6 11.O-O Nc6 12.d5 Bxc3 13.Qh6 Bg7 14.Qh4 Qxa2 15.Bh6 Nd4
16.Nxd4 Bxh6 17.Qxh6 cxd4 18.Bf3 a5 19.h4 Qa3 20.e5 Qd3 21.Rfe1 Qf5 22.Rbd1 a4
23.Rxd4 a3 24.Rdd1 a2 25.Qd2 Ra3 26.Qd4 Bd7 27.Be4 Qg4 28.Qb2 Rfa8 29.Ra1 R8a7
30.Qb6 Be8 31.d6 exd6 32.exd6 Qd7 33.Qd4 R3a6 34.Bd3 Ra4 35.Qf6 Ra8 36.h5 Qg4
37.Be4 Qxh5 38.Bxb7 Rb8 39.Rxe8+ Rxe8 40.d7 Rf8 41.d8=Q Rxd8 42.Qxd8+ Kg7
43.Qd2 Qb5 44.Qc3+ Kh6 45.Qc1+ Qg5 46.Qxg5+ Kxg5 47.Bd5 Ra5 48.Bxf7 Ra7 49.Bg8 Rg7
50.Bc4 Rc7 51.Ba6 Rc2 52.g3 h5 53.Kg2 Kf6 54.Bd3 Rc3 55.Be4 Ra3 56.Bd5 Ra5
57.Bg8 Ra8 58.Bc4 Ra4 59.Bd3 g5 60.f3 Ke5 61.Bg6 h4 62.Bf7 Ra7 63.Bxa2 Kf6
64.gxh4 gxh4 65.Kh2 Ra3 66.Kg2 Ra7 67.Kh3 Ra4 68.f4 Rxf4 69.Bd5 Rd4 70.Ra5 Rf4
71.Bc6 Rd4  1/2-1/2

[Event "LXXV ch-BRA"]
[Site "Americana BRA"]
[Date "2009.12.03"]
[Round "2"]
[White "Leitao,R"]
[Black "Mekhitarian,K"]
[Result "0-1"]
[WhiteElo "2621"]
[BlackElo "2467"]

1.d4 Nf6 2.c4 g6 3.Nc3 d5 4.cxd5 Nxd5 5.e4 Nxc3 6.bxc3 Bg7 7.Bc4 O-O 8.Ne2 b6
9.O-O Bb7 10.f3 Nc6 11.Be3 Qd7 12.Rc1 Na5 13.Bd3 c5 14.d5 c4 15.Bc2 e6 16.dxe6 Qxe6
17.Nd4 Qe7 18.Qd2 Nc6 19.Bh6 Nxd4 20.cxd4 c3 21.Qe3 Bxh6 22.Qxh6 b5 23.Qe3 b4
24.Rfd1 Bd5 25.Bb1 Rac8 26.Qf2 Bc4 27.d5 Rfd8 28.Qd4 a5 29.d6 Qe6 30.e5 Bxa2
31.Be4 Bb3 32.Re1 Qc4 33.Qf2 Qc5 34.Re3 Qxe5 35.Bxg6 Qxd6 36.Bf5 Rc5 37.Rd3 Rd5
38.Qh4 h6 39.Rxd5 Qxd5 40.Qg3+ Kf8 41.Be4 Qd4+  0-1